| 000 | 00914nam a22002057a 4500 | ||
|---|---|---|---|
| 999 |
_c59975 _d59975 |
||
| 003 | Ge_BSU | ||
| 005 | 20230525154103.0 | ||
| 008 | 230525s1984ge xxu||||| |||| 00| 0 geo d | ||
| 041 | _ageo | ||
| 080 | _a014.12(038) მ-74 | ||
| 100 |
_aმიქაძე, გ. (გივი), ავტორი. _918226 |
||
| 245 |
_aფსევდონიმების ლექსიკონი / _cგივი მიქაძე, რედ. ს.ხადური |
||
| 264 |
_aთბილისი : _bმეცნიერება, _c 1984. |
||
| 300 |
_a140 გვ. ; _b20 სმ. |
||
| 501 | _aსაძიებლები: გვ. 63-137. | ||
| 653 | _aლექსიკონები | ||
| 700 |
_aხადური, ს _eრედაქტორი _918227 |
||
| 711 |
_aსაქ. სსრ მეცნ. აკად. ცენტრ. სამეცნ. ბიბ-კა _918228 |
||
| 942 |
_2udc _cBK |
||